| 000 | 00373nam a2200169Ia 4500 | ||
|---|---|---|---|
| 003 | OSt | ||
| 005 | 20240502134737.0 | ||
| 008 | 230406s9999 xx 000 0 und d | ||
| 020 | _a9789395737173 | ||
| 082 |
_a8H3 _bMANB |
||
| 100 | _aManro, Elis | ||
| 245 | 0 | _aBelagaam | |
| 260 |
_aDelhi _bRajkamal _c2022 |
||
| 300 | _a160 | ||
| 650 | _aFiction/Novel | ||
| 942 |
_cBK _2ddc |
||
| 999 |
_c1565 _d1565 |
||